| 000 | 00749nam a2200229Ii 4500 | ||
|---|---|---|---|
| 003 | JO-AjNU | ||
| 008 | 230605s9999||||xx |||||||||||||| ||und|| | ||
| 017 | _a97/4232 | ||
| 020 | _a977-5810-00-0 | ||
| 040 |
_aJO-AjNU _bara _erda _cJO-AjNU |
||
| 041 | _aara | ||
| 050 | 1 | 4 | _aBP75.5.B3764 2005 |
| 100 | 3 |
_aالباشا، عبدالرحمن رأفت, _eauthor _962098 |
|
| 245 | 0 | 0 | _aصور من حياة الصحابة 65 شخصية |
| 250 | _aط4 | ||
| 264 | 3 | 1 | _aعمان: دار الادب الاسلامي، دار النفائس، 2005 |
| 300 | _a588ص | ||
| 336 |
_atext _btxt _2rdacontent |
||
| 337 |
_aunmediated _bn _2rdamedia |
||
| 338 |
_avolume _bnc _2rdacarrier |
||
| 650 | 4 |
_aالصحابة والتابعون -تراجم _962099 |
|
| 999 |
_aA28102 _c31670 _d31670 |
||